| 000 | 00841nam a2200217Ia 4500 | ||
|---|---|---|---|
| 008 | 160114s9999 xx 000 0 und d | ||
| 020 | _a0-439530458 | ||
| 050 | _aFic | ||
| 050 | _b.C637 2004 | ||
| 100 | _aHerman, Gail | ||
| 245 |
_aClifford finds a clue / _cadapted by Gail Herman from the television script "To catch a bird" by Meg McLaughlin ; illustrated by Steve Haefele ; based on the Scholastic book series "Clifford the big red dog" by Norman Bridwell. |
||
| 260 |
_aNew York : _bScholastic Inc. _c2004 |
||
| 300 |
_a62 pages; _bcolor illustrations ; _c20 cm. |
||
| 440 | _a Clifford big red chapter book. | ||
| 650 | _aClifford (Fictitious character : Bridwell) -- | ||
| 650 | _aDogs -- | ||
| 650 | _aLost and found possessions -- | ||
| 650 | _xFiction. | ||
| 650 | _xJuvenile fiction. | ||
| 650 | _xJuvenile fiction. | ||
| 999 |
_c290380 _d290380 |
||